शिक्षा के आयाम (Record no. 4270)

MARC details
000 -LEADER
fixed length control field 01109 a2200217 4500
005 - DATE AND TIME OF LATEST TRANSACTION
control field 20080904165925.0
008 - FIXED-LENGTH DATA ELEMENTS--GENERAL INFORMATION
fixed length control field 080904t xxu||||| |||| 00| 0 hin d
010 ## - LIBRARY OF CONGRESS CONTROL NUMBER
LC control number HIN-79951
020 ## - INTERNATIONAL STANDARD BOOK NUMBER
Terms of availability 225.00
International Standard Book Number 8187725389
035 ## - SYSTEM CONTROL NUMBER
System control number HN-52297
037 ## - SOURCE OF ACQUISITION
Source of stock number/acquisition D.B.Act / pub
082 ## - DEWEY DECIMAL CLASSIFICATION NUMBER
Classification number 370.1
100 ## - MAIN ENTRY--PERSONAL NAME
Personal name पचौली, सत्यप्रकाश
245 ## - TITLE STATEMENT
Title शिक्षा के आयाम
Statement of responsibility, etc सत्यप्रकाश पचौली
246 ## - VARYING FORM OF TITLE
Title proper/short title Shiksha ke Aayam
Remainder of title BY-Satyaprakash Pacholy
260 ## - PUBLICATION, DISTRIBUTION, ETC. (IMPRINT)
Place of publication, distribution, etc बीना
Name of publisher, distributor, etc आदित्य पब्लिशर्स
Date of publication, distribution, etc 2006
270 ## - ADDRESS
Address जागेश्वरी माता काम्प्लेक्स,पाठक वार्ड
City बीना (म.प्र.)
Postal code 470113
Telephone number 07580-223644, 9425671742
300 ## - PHYSICAL DESCRIPTION
Extent 116पृ
Dimensions 22 सेमी (सजिल्द)
942 ## - ADDED ENTRY ELEMENTS (KOHA)
Institution code [OBSOLETE] dpl
Koha item type Hindi Books
Call number prefix 370.1 / पचौली
Source of classification or shelving scheme Dewey Decimal Classification
Classification part 370.1
Call number suffix पचौली
Holdings
Withdrawn status Lost status Damaged status Not for loan Home library Current library Date acquired Cost, normal purchase price Total Checkouts Full call number Barcode Date last seen Copy number Uniform Resource Identifier Cost, replacement price Price effective from Koha item type
        D.B.Act.Division D.B.Act.Division 04/09/2008 225.00   370.1 पचौली HN-52297 15/09/2008 1 4519 225.00 15/09/2008 Hindi Books

© Delhi Public Library
Hit Counter
free hit counter